[Event "Challenge"]
[Site "http://www.queenalice.com/game.php?id=1356330"]
[Date "2015.4.28"]
[Round "-"]
[White "glaubergouveia"]
[Black "PioDeCuritiba"]
[Result "1-0"]
[WhiteElo "1501"]
[BlackElo "1419"]

1. e4 d6 2. Bc4 Nf6 3. Qf3 Bg4 4. Qf4 h5 5. f3 Bd7 6. b3 a6 7. b4 e5 8. Qg5 b5
9. Bb3 Be7 10. Qxg7 Rf8 11. h3 Be6 12. Bxe6 Nc6 13. Nc3 1-0

[Event "AUTO-OPEN-3485"]
[Site "http://www.queenalice.com/game.php?id=1360717"]
[Date "2015.5.20"]
[Round "1"]
[White "renatomfelipe"]
[Black "PioDeCuritiba"]
[Result "1-0"]
[WhiteElo "1445"]
[BlackElo "1435"]

1. d4 c5 2. d5 c4 3. e4 Nf6 4. f3 Nh5 5. Bxc4 b6 6. Nc3 e6 7. dxe6 fxe6 8. Be3
Bb4 9. Ne2 Ba6 10. Bxa6 Nxa6 11. a3 Bxc3+ 12. Nxc3 O-O 13. Qd2 Qc7 14. Nb5 Qe5
15. Nd4 Rac8 16. c3 Nc5 17. a4 Nb3 18. Nxb3 Nf4 19. Bxf4 1-0

[Event "AUTO-OPEN-3485"]
[Site "http://www.queenalice.com/game.php?id=1360718"]
[Date "2015.5.20"]
[Round "1"]
[White "PioDeCuritiba"]
[Black "renatomfelipe"]
[Result "0-1"]
[WhiteElo "1453"]
[BlackElo "1411"]

1. d4 d5 2. e4 dxe4 3. Nc3 Bf5 4. g4 Bg6 5. h4 h6 6. f4 exf3 7. Nxf3 e6 8. h5
Bh7 9. Bg2 c6 10. Ne5 f6 11. Ng6 Bxg6 12. hxg6 Bb4 13. Qd3 Ne7 14. Be4 Nd7 15.
O-O Bxc3 16. Qxc3 Nd5 17. Bxd5 cxd5 18. Re1 e5 19. Bf4 Qb6 0-1

[Event "AUTO-OPEN-3485"]
[Site "http://www.queenalice.com/game.php?id=1360737"]
[Date "2015.5.20"]
[Round "1"]
[White "knightsdefence"]
[Black "PioDeCuritiba"]
[Result "1-0"]
[WhiteElo "1363"]
[BlackElo "1406"]

1. e4 e6 2. d4 g6 3. c4 Bg7 4. f4 d5 5. cxd5 exd5 6. e5 b6 7. Nf3 Bg4 8. Be2 Nc6
9. a3 f6 10. Nc3 Nge7 11. O-O Nf5 12. Re1 1-0

[Event "AUTO-OPEN-3485"]
[Site "http://www.queenalice.com/game.php?id=1360738"]
[Date "2015.5.20"]
[Round "1"]
[White "PioDeCuritiba"]
[Black "knightsdefence"]
[Result "0-1"]
[WhiteElo "1388"]
[BlackElo "1381"]

1. f4 e5 2. fxe5 d6 3. exd6 Bxd6 4. g3 Qg5 5. d3 Qa5+ 6. c3 Qd5 7. e4 Qe6 8. Bh3
Qxh3 9. Nxh3 Bxh3 10. Bf4 Nf6 0-1

[Event "AUTO-OPEN-3485"]
[Site "http://www.queenalice.com/game.php?id=1360749"]
[Date "2015.5.20"]
[Round "1"]
[White "PioDeCuritiba"]
[Black "rpalmero"]
[Result "0-1"]
[WhiteElo "1363"]
[BlackElo "1965"]

1. c4 Nf6 2. b4 e6 3. c5 a5 4. a3 axb4 5. a4 Bxc5 6. d4 Bb6 7. Nf3 c5 8. Be3
cxd4 9. Bxd4 Nc6 10. Bxb6 Qxb6 11. Nbd2 d5 12. e3 Bd7 13. Ng5 h6 14. Ngf3 Na5
15. Bd3 O-O 16. O-O Rfc8 17. Ne5 Bc6 18. g4 Nd7 19. Nxd7 Bxd7 20. Bb1 Nc4 21.
Nxc4 Rxc4 22. Qd3 Rxg4+ 23. Kh1 Rxa4 24. Rxa4 Bxa4 25. Qh7+ Kf8 0-1

[Event "AUTO-OPEN-3485"]
[Site "http://www.queenalice.com/game.php?id=1360750"]
[Date "2015.5.20"]
[Round "1"]
[White "rpalmero"]
[Black "PioDeCuritiba"]
[Result "1-0"]
[WhiteElo "1967"]
[BlackElo "1361"]

1. c4 c5 2. Nc3 Nc6 3. e3 e6 4. a3 a6 5. Qc2 Qc7 6. Nf3 Nf6 7. b3 b6 8. Bb2 Bb7
9. Bd3 Bd6 10. Ne4 Nxe4 11. Bxe4 Be5 12. Nxe5 Nxe5 13. Bxb7 Qxb7 14. Bxe5 Qxg2
15. O-O-O Qg5 16. Bc7 Qf6 17. Bxb6 Qa1+ 18. Qb1 Qxa3+ 19. Kc2 Qb4 20. Bc7 Ke7
21. Be5 d6 22. Bxg7 f6 23. Bxh8 Rxh8 24. d4 Rd8 25. dxc5 Qxc5 26. Qa1 1-0

[Event "AUTO-INT-3000"]
[Site "http://www.queenalice.com/game.php?id=1361048"]
[Date "2015.5.22"]
[Round "1"]
[White "jw16js"]
[Black "PioDeCuritiba"]
[Result "1-0"]
[WhiteElo "1524"]
[BlackElo "1492"]

1. Nf3 Nf6 2. e3 c5 3. c4 Nc6 4. Nc3 e6 5. g3 g6 6. Bg2 Bg7 7. O-O O-O 8. d3 d6
9. e4 e5 10. Nd5 Be6 11. Nxf6+ Qxf6 12. Bg5 Qxf3 13. Qxf3 Nd4 14. Qd1 h6 15. Be7
1-0

[Event "AUTO-INT-3000"]
[Site "http://www.queenalice.com/game.php?id=1361049"]
[Date "2015.5.22"]
[Round "1"]
[White "PioDeCuritiba"]
[Black "jw16js"]
[Result "0-1"]
[WhiteElo "1370"]
[BlackElo "1588"]

1. d4 d5 2. c4 Nf6 3. Nc3 dxc4 4. e4 g6 5. Bxc4 Nc6 6. d5 Ne5 7. Qa4+ Nfd7 8. f4
Nxc4 9. Qxc4 Nb6 10. Qd4 Rg8 11. Nf3 Bg7 12. e5 Bf5 13. O-O e6 14. dxe6 Qxd4+
15. Nxd4 fxe6 16. Nxe6 Bxe6 17. Nb5 Nd5 18. h3 a6 19. Na3 b5 20. g4 Nb4 0-1

[Event "AUTO-INT-3000"]
[Site "http://www.queenalice.com/game.php?id=1361064"]
[Date "2015.5.22"]
[Round "1"]
[White "Mariojose"]
[Black "PioDeCuritiba"]
[Result "1-0"]
[WhiteElo "1569"]
[BlackElo "1305"]

1. e4 c6 2. d3 d5 3. e5 f6 4. exf6 exf6 5. Nc3 Bb4 6. Bd2 Qb6 7. Qe2+ Ne7 8. Na4
Bxd2+ 9. Qxd2 Qd4 10. Nc3 Qb6 11. O-O-O O-O 12. Na4 Qd4 13. Kb1 Qxa4 14. Ne2 d4
15. Qf4 Na6 16. Nxd4 Nb4 17. a3 Ned5 18. Qd2 Nxc2 19. Qxc2 Qxc2+ 20. Nxc2 Bf5
21. Nd4 Bg6 22. Be2 Nf4 23. Bf3 Rad8 24. g3 1-0

[Event "AUTO-INT-3000"]
[Site "http://www.queenalice.com/game.php?id=1361065"]
[Date "2015.5.22"]
[Round "1"]
[White "PioDeCuritiba"]
[Black "Mariojose"]
[Result "0-1"]
[WhiteElo "1300"]
[BlackElo "1574"]

1. c4 e5 2. Nf3 d6 3. d4 e4 4. Ng5 Nf6 5. Qc2 Bf5 6. e3 Be7 7. c5 dxc5 8. Bc4
Nd5 9. Nc3 Bxg5 10. h3 Nxc3 11. Qxc3 Bf6 12. g4 Be6 13. Bxe6 fxe6 14. Qxc5 Na6
15. Qc2 Qd5 16. O-O O-O-O 17. a4 Nb4 18. Qd2 Nd3 19. b4 Qb3 20. b5 Qb4 21. Qa2
Qd6 22. Ba3 Qb6 23. Bc1 Rhe8 0-1

[Event "AUTO-INT-3000"]
[Site "http://www.queenalice.com/game.php?id=1361076"]
[Date "2015.5.22"]
[Round "1"]
[White "PioDeCuritiba"]
[Black "Nelsonbento"]
[Result "0-1"]
[WhiteElo "1339"]
[BlackElo "1551"]

1. b4 Nc6 2. b5 Nb4 3. c4 c5 4. d4 e6 5. d5 e5 6. Nf3 e4 7. Ng5 d6 8. Nxe4 Bf5
9. Nbc3 Nf6 10. f3 Qe7 11. Bg5 h6 12. Bh4 g5 13. Bg3 g4 14. Nxd6+ Kd7 15. Nxf5
Qe8 16. e4 h5 17. e5 h4 18. Bf2 gxf3 19. g3 Qxe5+ 20. Kd2 Qxf5 21. a3 Nbxd5 22.
Bd3 Qg5+ 23. Kc2 Ne3+ 24. Bxe3 Qxe3 25. Bf5+ Kc7 26. Re1 Qf2+ 27. Kb1 Rd8 0-1

[Event "AUTO-INT-3000"]
[Site "http://www.queenalice.com/game.php?id=1361077"]
[Date "2015.5.22"]
[Round "1"]
[White "Nelsonbento"]
[Black "PioDeCuritiba"]
[Result "1-0"]
[WhiteElo "1559"]
[BlackElo "1331"]

1. d4 c5 2. d5 Nf6 3. f3 d6 4. h4 b5 5. a3 Bb7 6. e4 g6 7. Bxb5+ Nbd7 8. b4 cxb4
9. axb4 a5 10. c3 axb4 11. Ra4 Qb6 12. c4 Bg7 13. Rxb4 Qc7 14. Bf4 Ra1 15. Ne2
Qc5 16. Ra4 Rxa4 17. Qxa4 Qc7 18. O-O O-O 19. Nbc3 Nb6 20. Qa5 Nbxd5 21. Qa1
Nxc3 22. Nxc3 Nh5 23. Be3 Bc6 24. Nd5 Bxd5 25. Qa4 Be6 26. Rd1 Be5 27. g4 Ng3
28. Rd2 Rc8 29. Qa6 1-0

[Event "Challenge"]
[Site "http://www.queenalice.com/game.php?id=1362205"]
[Date "2015.5.28"]
[Round "-"]
[White "Bategoll"]
[Black "PioDeCuritiba"]
[Result "1-0"]
[WhiteElo "1827"]
[BlackElo "1372"]

1. d4 c5 2. dxc5 e6 3. e4 Bxc5 4. Nf3 Nf6 5. Bd3 Ng4 6. O-O Qb6 7. Qe2 Nc6 8.
Nc3 Nd4 9. Nxd4 h5 10. Na4 Qb4 11. Nxc5 Qxd4 12. Nb3 Qd6 13. f4 O-O 14. e5 Qb6+
15. Kh1 d6 16. exd6 Qxd6 17. Be3 g5 18. Bc5 Qc7 19. Bxf8 Kxf8 20. Nd4 b6 21. Qf3
Bb7 22. Be4 1-0